[Event "Druzynowe Mistrzostwa Polski Seniorow - II Liga"]
[Site "Szczyrk, CKiR Orle Gniazdo ul. Wrzosowa 28a "]
[Date "1899-12-30"]
[Round "2.93"]
[White "Gromczak, Dariusz"]
[Black "Zychowicz, Marcin"]
[Result "1-0"]
[WhiteTitle "I+"]
[BlackTitle "II+"]
[WhiteElo "2027"]
[BlackElo "1792"]

1. e4 c5 2. Nc3 e6 3. Nge2 a6 4. g3 b5 5. Bg2 Bb7 6. O-O b4 7. Na4 Nf6 8. e5 Bxg2
9. Kxg2 Nd5 10. c4 bxc3 11. Nexc3 Nc6 12. Nxd5 exd5 13. Qf3 d4 14. Qd5 Rc8 15.
b3 Nb4 16. Qc4 Qc7 17. a3 Qc6+ 18. Kg1 Nd5 19. Bb2 Be7 20. Rac1 O-O 21. Rc2 a5
22. Rfc1 Nb6 23. Nxb6 Qxb6 24. b4 axb4 25. axb4 d3 26. Qxd3 Qxb4 27. Qxd7 Rfe8
28. Bc3 Qe4 29. Rb2 Qc6 30. Qxc6 Rxc6 31. Rb5 Ra6 32. f4 g6 33. Kf2 h5 34. Kf3
Bf8 35. Rcb1 Ra7 36. Rb8 Ra8 37. Rxe8 Rxe8 38. Rb7 Re6 39. Rb8 Kg7 40. Rc8 Be7
41. h3 f6 42. exf6+ Bxf6 43. Rc7+ Kf8 44. Bxf6 Rxf6 45. Rxc5 Kg7 46. Rc7+ Kg8
47. Rd7 Ra6 48. g4 Ra3+ 49. d3 hxg4+ 50. hxg4 Ra1 51. Kg3 Rf1 52. d4 Kf8 53. d5
Kg8 54. d6 Rd1 55. Kf3 Kf8 56. Ke4 Rg1 57. g5 Re1+ 58. Kd5 Re2 59. Ra7 Re1 60.
Ra4 Kf7 61. Rd4 Rc1 62. d7 Ke7 63. Ke4 Re1+ 64. Kf3 Kd8 65. Rd6 Rf1+ 66. Kg3 Rg1+
67. Kf2 Ra1 68. Rxg6 Kxd7 69. Kf3 Ke7 70. Rf6 Rg1 71. Ke4 Ra1 72. Kf5 Rh1 73.
Kg6 Rh2 74. f5 Rg2 75. Ra6 Rb2 76. f6+ 1-0

[Event "Druzynowe Mistrzostwa Polski Seniorow - II Liga"]
[Site "Szczyrk, CKiR Orle Gniazdo ul. Wrzosowa 28a "]
[Date "1899-12-30"]
[Round "2.95"]
[White "Szydelko, Marcin"]
[Black "Kowalec, Maciej"]
[Result "1/2-1/2"]
[WhiteTitle "I+"]
[BlackTitle "I"]
[WhiteElo "1952"]
[BlackElo "1903"]

1. e4 e5 2. Nf3 Nc6 3. d4 exd4 4. Bc4 Nf6 5. O-O Nxe4 6. Re1 d5 7. Bxd5 Qxd5 8.
Nc3 Qh5 9. Nxe4 Be6 10. Bg5 Bd6 11. Nxd6+ cxd6 12. Bf4 Qd5 13. c3 Rc8 14. Qd3
O-O 15. Nxd4 Nxd4 16. Qxd4 Qxd4 17. cxd4 d5 18. Rac1 Rxc1 19. Rxc1 Rc8 20. Kf1
Rxc1+ 21. Bxc1 Kf8 22. Ke2 Ke7 23. Kd3 Bf5+ 24. Kc3 Kd6 25. Bf4+ Kc6 26. a3 a6
27. Be5 f6 28. Bf4 Be4 29. f3 Bf5 30. a4 a5 31. Be3 Kd6 32. Bf4+ Kc6 33. Be3 Kd6
34. Bf4+ Kc6 35. Be3 Kd6 1/2-1/2

[Event "Druzynowe Mistrzostwa Polski Seniorow - II Liga"]
[Site "Szczyrk, CKiR Orle Gniazdo ul. Wrzosowa 28a "]
[Date "1899-12-30"]
[Round "2.96"]
[White "Murawko, Katarzyna"]
[Black "Korosciel, Aneta"]
[Result "1/2-1/2"]
[WhiteTitle "k"]
[BlackTitle "m"]
[WhiteElo "1860"]
[BlackElo "2060"]

1. e4 e5 2. d4 exd4 3. Nf3 Nf6 4. e5 Ne4 5. Qxd4 d5 6. exd6 Nxd6 7. Nc3 Nc6 8.
Qf4 Bf5 9. Bb5 Bd7 10. O-O Be7 11. Bd3 Be6 12. Be3 O-O 13. Rad1 Qc8 14. Ne4 Nb4
15. Nf6+ Bxf6 16. Qxb4 a5 17. Qa3 Nc4 18. Bxc4 Bxc4 19. Rfe1 Re8 20. b3 Ba6 21.
c4 b6 22. Bd4 Bxd4 23. Nxd4 Qg4 24. Qa4 Red8 25. h3 Qh5 26. Qc6 Rac8 27. Nf3 Rxd1
28. Rxd1 h6 29. Rd7 Qf5 30. Nd4 Qe5 31. Qf3 Rf8 32. Nc6 Qe1+ 33. Kh2 Bb7 34. Rxc7
Ba8 35. Ne7+ Qxe7 36. Rxe7 Bxf3 37. gxf3 Rc8 38. Kg3 Kf8 39. Rb7 Rc6 40. Kf4 Ke8
41. Ke4 Rf6 42. f4 Rc6 43. a4 Rf6 44. Ra7 Re6+ 45. Kd3 Rd6+ 46. Ke3 g5 47. fxg5
hxg5 48. Rb7 Rh6 49. Ke4 Rxh3 50. Rxb6 Ke7 51. Kf5 Rf3+ 52. Kxg5 Rxf2 53. Rb5
Rf3 54. Kg4 Rc3 55. Rb6 Kd7 56. Kf4 Kc7 57. Rb5 Kc6 58. Ke4 Rh3 59. Kd4 Rf3 60.
Rxa5 Rxb3 61. Rf5 Ra3 62. a5 Ra1 63. Rf6+ Kb7 64. Rxf7+ Ka6 65. Rf5 Rd1+ 66. Kc5
Kxa5 67. Rd5 Rc1 68. Kc6+ Ka6 69. c5 Ka7 70. Kc7 Rg1 71. c6 Rg7+ 72. Rd7 Rg8 73.
Re7 Rh8 74. Rd7 Rg8 75. Rf7 Rh8 76. Re7 Rg8 77. Kd6+ Kb8 78. Kd7 Rh8 79. c7+ Kb7
80. Re3 Rh7+ 81. Kd8 Rh8+ 82. Re8 Rxe8+ 83. Kxe8 Kxc7 1/2-1/2

[Event "Druzynowe Mistrzostwa Polski Seniorow - II Liga"]
[Site "Szczyrk, CKiR Orle Gniazdo ul. Wrzosowa 28a "]
[Date "1899-12-30"]
[Round "2.97"]
[White "Zajac, Mateusz"]
[Black "Gierulski, Kamil"]
[Result "0-1"]
[WhiteTitle "I++"]
[BlackTitle "I++"]
[WhiteElo "2052"]
[BlackElo "2023"]

1. d4 Nf6 2. c4 e6 3. Nf3 b6 4. a3 Bb7 5. Nc3 d5 6. cxd5 Nxd5 7. Qc2 Be7 8. e4
Nxc3 9. bxc3 O-O 10. Be3 c5 11. Bd3 Qc7 12. O-O cxd4 13. cxd4 Qxc2 14. Bxc2 Rd8
15. a4 Nc6 16. Rfd1 Rac8 17. Bb1 Bf6 18. g4 Nxd4 19. Bxd4 Bxd4 20. Rxd4 Rxd4 21.
Nxd4 Rc1+ 22. Kg2 Rxb1 23. Ra2 Bxe4+ 24. f3 Bd5 25. Rc2 g6 26. Rc7 a6 27. h4 Rb4
28. Nc6 Rxg4+ 29. Kh3 Rxa4 30. Ne5 Rf4 31. h5 gxh5 0-1

[Event "Druzynowe Mistrzostwa Polski Seniorow - II Liga"]
[Site "Szczyrk, CKiR Orle Gniazdo ul. Wrzosowa 28a "]
[Date "1899-12-30"]
[Round "2.98"]
[White "Luka, Krzysztof"]
[Black "Bus, Konrad"]
[Result "0-1"]
[WhiteTitle "I"]
[BlackTitle "k"]
[WhiteElo "1904"]
[BlackElo "2016"]

1. d4 d5 2. c4 c6 3. Nc3 Nf6 4. Nf3 dxc4 5. a4 Bf5 6. e3 e6 7. Bxc4 Bb4 8. O-O
Nbd7 9. Re1 O-O 10. h3 c5 11. Bd2 Nb6 12. Bb3 Bg6 13. Rc1 Rc8 14. Nb5 Bxd2 15.
Qxd2 c4 16. Bc2 a6 17. Nc3 Bxc2 18. Rxc2 Nbd5 19. Nxd5 exd5 20. Qb4 Rb8 21. Ne5
Nd7 22. Nxd7 Qxd7 23. e4 Rfe8 24. exd5 Rxe1+ 25. Qxe1 Qxd5 26. Qb4 b5 27. Rd2
Rd8 28. Qa5 Rd6 29. Rd1 h5 30. axb5 Rg6 31. g3 h4 32. Qe1 Qf3 33. Kh2 hxg3+ 34.
fxg3 Re6 0-1

[Event "Druzynowe Mistrzostwa Polski Seniorow - II Liga"]
[Site "Szczyrk, CKiR Orle Gniazdo ul. Wrzosowa 28a "]
[Date "1899-12-30"]
[Round "2.99"]
[White "Bednarczyk, Damian"]
[Black "Kadziela, Andrzej"]
[Result "1-0"]
[WhiteTitle "I++"]
[BlackTitle "II"]
[WhiteElo "2073"]
[BlackElo "1578"]

1. d4 Na6 2. e4 c6 3. Bxa6 Qa5+ 4. Bd2 Qxa6 5. Ne2 Nh6 6. O-O d6 7. b3 Qb5 8. Ng3
Bd7 9. h3 a5 10. c4 Qb6 11. Be3 Qa6 12. Nc3 b5 13. cxb5 cxb5 14. Rc1 e6 15. Qd2
Rc8 16. Rfe1 Ng8 17. f4 Be7 18. f5 Bh4 19. Bf2 Ne7 20. Qf4 Bxg3 21. Bxg3 b4 22.
Ne2 Rxc1 23. Nxc1 Nc8 24. Qg5 O-O 25. f6 1-0

[Event "Druzynowe Mistrzostwa Polski Seniorow - II Liga"]
[Site "Szczyrk, CKiR Orle Gniazdo ul. Wrzosowa 28a "]
[Date "1899-12-30"]
[Round "2.100"]
[White "Nowakowski, Jacek"]
[Black "Gora, Jan"]
[Result "0-1"]
[WhiteTitle "II+"]
[BlackTitle "I++"]
[WhiteElo "1686"]
[BlackElo "2035"]

1. d4 d5 2. Nf3 c6 3. Bf4 g6 4. h3 Bg7 5. c3 Nd7 6. Nbd2 f5 7. e3 Ngf6 8. Qb3 a5
9. a4 O-O 10. Ng5 Nb6 11. Ngf3 Ne4 12. Bd3 e6 13. h4 c5 14. Bb5 c4 15. Qa3 Bd7
16. Nxe4 fxe4 17. Ne5 Bxb5 18. axb5 Bf6 19. Ng4 Be7 20. Qa2 a4 21. Be5 h5 22.
Nh2 Bxh4 23. g3 Bf6 24. f4 Bxe5 25. dxe5 Ra5 26. Qa3 Rxb5 27. Ra2 Rb3 28. Qc5
a3 29. Rxa3 Rxb2 30. O-O Nd7 31. Qd4 Qb6 32. Re1 Qxd4 33. exd4 Kf7 34. Nf1 Ke7
35. Ne3 h4 36. Nd1 Rd2 37. gxh4 Rxf4 38. Ne3 Rxh4 0-1

[Event "Druzynowe Mistrzostwa Polski Seniorow - II Liga"]
[Site "Szczyrk, CKiR Orle Gniazdo ul. Wrzosowa 28a "]
[Date "1899-12-30"]
[Round "2.101"]
[White "Sleczka, Bartosz"]
[Black "Wasik, Roman"]
[Result "1-0"]
[WhiteTitle "I"]
[BlackTitle "II+"]
[WhiteElo "1924"]
[BlackElo "1522"]

1. e4 c5 2. Nf3 d6 3. Bc4 Nd7 4. c3 Ngf6 5. Qe2 Qc7 6. O-O a6 7. a4 e6 8. Bb3 Be7
9. d4 b6 10. Bg5 Bb7 11. Nbd2 h6 12. Bh4 g5 13. Bg3 Nh5 14. Rfd1 Nxg3 15. hxg3
Nf6 16. e5 Nd5 17. c4 Nb4 18. d5 O-O-O 19. dxe6 fxe6 20. exd6 Rxd6 21. Ne4 Rxd1+
22. Rxd1 Rd8 23. Rxd8+ Bxd8 24. Bd1 Qc6 25. Nfd2 Qd7 26. b3 Qd4 27. Qg4 Qe5 28.
Bf3 Nc6 29. Qh5 Nd4 30. Qf7 Nxf3+ 31. gxf3 Bc6 32. Qf8 Bd7 33. Nd6+ Kc7 34. Qxd8+
Kxd6 35. Qb8+ 1-0

[Event "Druzynowe Mistrzostwa Polski Seniorow - II Liga"]
[Site "Szczyrk, CKiR Orle Gniazdo ul. Wrzosowa 28a "]
[Date "1899-12-30"]
[Round "2.102"]
[White "Wasik, Justyna"]
[Black "Tracz, Marcelina"]
[Result "0-1"]
[WhiteTitle "II+"]
[BlackTitle "I++"]
[WhiteElo "1392"]
[BlackElo "1782"]

1. Nf3 g6 2. d4 Bg7 3. c4 d6 4. Nc3 Nd7 5. e4 e5 6. d5 Ne7 7. Bd3 O-O 8. g4 Nc5
9. g5 Bg4 10. Be3 Nxd3+ 11. Qxd3 Bxf3 12. Rg1 f5 13. Bd2 fxe4 14. Nxe4 Bxe4 15.
Qxe4 Qd7 16. Qe2 Nf5 17. Qg4 Qf7 18. O-O-O Nd4 19. Be3 Qf5 20. Qxf5 Rxf5 21. f4
Ne2+ 22. Kc2 Nxg1 23. Bxg1 Rxf4 24. b3 Rg4 25. Be3 Rg2+ 26. Kc3 Rxa2 27. h4 e4+
28. Kb4 a5+ 29. Kb5 Ra3 30. h5 Rxb3+ 31. Ka4 Rxe3 32. h6 Bb2 33. Rf1 Ra3+ 34.
Kb5 Rb3+ 35. Ka4 Rb4# 0-1